| 000 | 004620000a22001930004500 | ||
|---|---|---|---|
| 001 | 002174 | ||
| 003 | MACL | ||
| 005 | 20150903132233.0 | ||
| 008 | 150903b xxu||||| |||| 00| 0 eng d | ||
| 040 |
_aMACL _cMACL |
||
| 041 | _aEnglish | ||
| 082 | _a808.84/VAR | ||
| 100 |
_aVarma, Mahadevi _98876 |
||
| 245 |
_aLinks in The Chain _cMahadevi Varma |
||
| 260 |
_aNew Delhi _c2003 _bKatha, |
||
| 350 | _a200 | ||
| 650 |
_aLiterature _98877 |
||
| 942 |
_k809 _cBK _2ddc |
||
| 999 |
_c14089 _d14089 |
||